=LDR 00000nam 2200000 4500 =001 INLIS000000000024382 =005 20201116111028 =035 ##$$a 0010-061300000024382 =008 201116################g##########0#ind## =041 ##$$a Ind =082 ##$$a 306.6 =090 ##$$a 306.6, Sch s =100 1#$$a Scharf, Betty R =245 1#$$a Sosiologi agama. /$c Betty R. Scharf =260 ##$$a Jakarta :$b Prenada media,$c 2004 =300 ##$$a ix, 289 hlm. ; $c 28x15 cm. =650 #4$$a Sosiologi agama =850 ##$$a NBPNMAT =020 ##$$a 979-3465-70-0 =084 ##$$a 306.6 SCH s =250 ##$$a cet.1 =990 ##$$a 00087406 =990 ##$$a 20610677 =990 ##$$a 20610679 =990 ##$$a 0001/BPAP-NTB/20142014 =990 ##$$a 00087406 =990 ##$$a 20610677 =990 ##$$a 20610679 =990 ##$$a 20708265 =990 ##$$a 00087406 =990 ##$$a 20610677 =990 ##$$a 0001/BPAP-NTB/20142014 =990 ##$$a 20610679 =990 ##$$a 20708265 =990 ##$$a 00087406 =990 ##$$a 20610677 =990 ##$$a 0001/BPAP-NTB/20142014 =990 ##$$a 20610679 =990 ##$$a 20903495 =990 ##$$a 20708265 =990 ##$$a 00087406 =990 ##$$a 20610677 =990 ##$$a 20610679